Himalayan geology / (Record no. 11517)
[ view plain ]
| 000 -LEADER | |
|---|---|
| fixed length control field | 00981cas a2200301 a 4500 |
| 001 - CONTROL NUMBER | |
| control field | 11517 |
| 003 - CONTROL NUMBER IDENTIFIER | |
| rucl marc code | BD-RjUL |
| 005 - DATE AND TIME OF LATEST TRANSACTION | |
| control field | 20211208235135.0 |
| 008 - FIXED-LENGTH DATA ELEMENTS--GENERAL INFORMATION | |
| fixed length control field | 140127s1975 ii fr p 1 0eng c |
| 030 ## - CODEN DESIGNATION | |
| CODEN | HMLGBX |
| 035 ## - SYSTEM CONTROL NUMBER | |
| System control number | (BD-RjUL)11566 |
| -- | (OCoLC)ocm01586618 |
| 040 ## - CATALOGING SOURCE | |
| Original cataloging agency | MnMULS |
| Language of cataloging | eng |
| Transcribing agency | MnMULS |
| Modifying agency | NIC |
| -- | OCoLC |
| -- | NST |
| -- | AIP |
| -- | NST |
| -- | N |
| -- | NSDP |
| -- | NST |
| -- | DLC |
| -- | ICRL |
| -- | DLC |
| -- | OCoLC |
| -- | NLGGC |
| -- | NNC |
| -- | DEBBG |
| -- | GBVCP |
| -- | UKMGB |
| -- | OCoLC |
| -- | BD-RjUL |
| 041 0# - LANGUAGE CODE | |
| Language code of text/sound track or separate title | enghin |
| 082 00 - DEWEY DECIMAL CLASSIFICATION NUMBER | |
| Classification number | 555.4 |
| Author mark and year | HIM 1975 |
| 245 00 - TITLE STATEMENT | |
| Title | Himalayan geology / |
| Statement of responsibility, etc. | Edited by A. G. |
| 260 ## - PUBLICATION, DISTRIBUTION, ETC. (IMPRINT) | |
| Place of publication, distribution, etc. | Delhi : |
| Name of publisher, distributor, etc. | Wadia Institute of Himalayan Geology, |
| Date of publication, distribution, etc. | 1975 |
| 300 ## - PHYSICAL DESCRIPTION | |
| Pagination | viii, 666 p. : |
| Illustrations | ill. ; |
| Size | 24 cm. |
| 505 ## - FORMATTED CONTENTS NOTE | |
| Formatted contents note | Vol. 3 -- V. 4 --- |
| 650 #0 - SUBJECT ADDED ENTRY--TOPICAL TERM | |
| Topical term or geographic name as entry element | Geology |
| Geographic subdivision | Himalaya Mountains. |
| 9 (RLIN) | 33890 |
| Topical term or geographic name as entry element | Geologie. |
| Source of heading or term | gtt |
| 9 (RLIN) | 35628 |
| Topical term or geographic name as entry element | Geologie. |
| Source of heading or term | swd |
| 9 (RLIN) | 35629 |
| 651 #7 - SUBJECT ADDED ENTRY--GEOGRAPHIC NAME | |
| Geographic name | Himalaja. |
| Source of heading or term | swd |
| 9 (RLIN) | 35630 |
| 700 1# - ADDED ENTRY--PERSONAL NAME | |
| Personal name | Jhingran, A. G. |
| 942 ## - ADDED ENTRY ELEMENTS (KOHA) | |
| Source of classification or shelving scheme | Dewey Decimal Classification |
| Koha item type | Books |
| Lost status | Source of classification or shelving scheme | Damaged status | Not for loan | Permanent Location | Current Location | Shelving location | Date acquired | Source of acquisition | Cost, normal purchase price | Total Checkouts | Full call number | Date last seen | Copy number | Koha item type | Collection code |
|---|---|---|---|---|---|---|---|---|---|---|---|---|---|---|---|
| Dewey Decimal Classification | Not For Loan | Central Library, University of Rajshahi | Central Library, University of Rajshahi | Reading Room | 05/03/1979 | India Int. Cal. | 115.00 | 555.4 HIM V-4 1975 | 27/01/2014 | C-1 | Books | ||||
| Dewey Decimal Classification | Not For Loan | Central Library, University of Rajshahi | Central Library, University of Rajshahi | Reading Room | 05/03/1979 | India International, Calcutta. | 70.00 | 555.4 HIM V-3 1973 | 03/04/2017 | C-2 | Books | Non-fiction | |||
| Dewey Decimal Classification | Not For Loan | Central Library, University of Rajshahi | Central Library, University of Rajshahi | Reading Room | 05/03/1979 | Calcutta : India inter natinal | 50.00 | 555.4 HIM V-2 1972 | 03/04/2017 | C-3 | Books | Non-fiction |